000 00503nam a2200193Ia 4500
008 220204s9999 xx 000 0 und d
082 _a66:678.04
_bENC.3
245 0 _aEncyclopedia of industrial chemical additives. V 3
260 _aNew York
_bChemical
_c1985
505 _aSet price
650 _aPlasticizers
650 _aRetarders
650 _aSolvents
650 _aStabilizers
650 _aVulcanizing agents
650 _aWater repellents
650 _aWhitening agents
942 _cBK
999 _c40192
_d40192